A Comprehensive Textbook of Midwifery & Gynecological Nursing (Record no. 1454)

MARC details
000 -LEADER
Fixed length control field 00574nam a2200205Ia 4500
003 - CONTROL NUMBER IDENTIFIER
Control field IIN
005 - DATE AND TIME OF LATEST TRANSACTION
Control field 20240129122607.0
008 - FIXED-LENGTH DATA ELEMENTS--GENERAL INFORMATION
Fixed length control field 231217s9999 xx 000 0 und d
020 ## - INTERNATIONAL STANDARD BOOK NUMBER / ISBN
Price Rs.1395.00
International Standard Book Number 9789356961982
040 ## - CATALOGING SOURCE
Original cataloging agency IIN
Language of cataloging English
082 ## - DEWEY DECIMAL CLASSIFICATION NUMBER
Classification number 618.2
Book Number JAC
100 1# - MAIN ENTRY--PERSONAL NAME
Personal name Jacob, Annamma
245 #2 - TITLE STATEMENT
Title A Comprehensive Textbook of Midwifery & Gynecological Nursing
Statement of responsibility Annamma Jacob
250 ## - EDITION STATEMENT
Edition statement 6th ed
260 ## - IMPRINT
Name of publisher Jaypee
Place of publication New Delhi
Date of publication 2023
300 ## - PHYSICAL DESCRIPTION
Page / Vol. No xxviii, 776p.
Accompanying material 11plate
650 1# - SUBJECT ADDED ENTRY--TOPICAL TERM
Topical term Gynecology
Form subdivision Nursing
650 1# - SUBJECT ADDED ENTRY--TOPICAL TERM
Topical term Midwifery Nursing
942 ## - ADDED ENTRY ELEMENTS (KOHA)
Koha item type Books
Holdings
Withdrawn status Lost status Damaged status Not for loan Collection code Home library Current library Date acquired Price Total Checkouts Call number Accession number Date last seen Price effective from Koha item type Date checked out Source of classification Shelving location
          IDEAL INSTITUTE OF NURSING IDEAL INSTITUTE OF NURSING 17/12/2023 1395.00   618.2 JAC 1448 17/12/2023 17/12/2023 Books      
          IDEAL INSTITUTE OF NURSING IDEAL INSTITUTE OF NURSING 17/12/2023 1395.00 1 618.2 JAC 1449 22/01/2025 17/12/2023 Books 14/01/2025    
          IDEAL INSTITUTE OF NURSING IDEAL INSTITUTE OF NURSING 17/12/2023 1395.00 2 618.2 JAC 1450 27/02/2025 17/12/2023 Books 18/02/2025    
        Purches Book IDEAL INSTITUTE OF NURSING IDEAL INSTITUTE OF NURSING 14/04/2025     618.2 JAC 2128 09/09/2025 09/09/2025 Books   Dewey Decimal Classification General Stacks
© Ideal Institute Of Nursing, All rights reserved.         Powered by Koha